| 000 | 00448nam a2200181Ia 4500 | ||
|---|---|---|---|
| 005 | 20250425161226.0 | ||
| 008 | 250425s9999 xx 000 0 und d | ||
| 041 | _aeng | ||
| 082 | _a621.38173 | ||
| 100 | _aWARNER JR., RAYMOND M. | ||
| 245 | 0 | _aINTEGRATED CIRCUITS; DESIGN PRINCIPLES AND FA | |
| 250 | _aS.E. | ||
| 260 | _aS.L. | ||
| 260 |
_aSin Pais _bMCGRAW - HILL BOOK COMPANY _c1965 |
||
| 300 | _a385 | ||
| 942 | _c01 | ||
| 010 | _a15589 | ||
| 999 |
_c204957 _d204957 |
||